Exportní garanční a pojišťovací společnost: Pojištění vývozních rizik

Minimalizácia rizika, ktoré vznikajú pri obchodných transakciách. Ochrana vývozcov pred platobnou neschopnosťou zahraničného odberateľa formou úverového poistenia. Typy poistenia, ktoré ponúka Exportná garančná a poisťovacia spoločnosť (EGAP).

Gespeichert in:
Bibliographische Detailangaben
1. Verfasser: Volf, J.
Format: Buchkapitel
Sprache:Tschechisch
Schlagworte:
Tags: Tag hinzufügen
Keine Tags, Fügen Sie das erste Tag hinzu!

MARC

LEADER 00000naa a2200000 4500
001 r014296
005 20221213082759.0
041 0 |a cze 
044 |a CZ 
245 1 0 |a Exportní garanční a pojišťovací společnost: Pojištění vývozních rizik  |c J. Volf 
520 |a Minimalizácia rizika, ktoré vznikajú pri obchodných transakciách. Ochrana vývozcov pred platobnou neschopnosťou zahraničného odberateľa formou úverového poistenia. Typy poistenia, ktoré ponúka Exportná garančná a poisťovacia spoločnosť (EGAP). 
610 2 0 |a EGAP, a.s. Praha 
610 2 0 |a poistenie záujmov zahraničných 
610 2 0 |a vývoz 
610 2 0 |a riziko 
610 2 0 |a úver obchodný 
100 1 |a Volf, J.